00851nam a2200265Ia 4500008004100000020002200041050001800063050001700081100002300098245003400121245002600155245005900181250001600240260001600256260002800272260000900300300001600309300001100325300001100336500005100347650002100398650001900419999001900438952012800457160517s9999 xx 000 0 und d a978-981-4195-47-8 aComSc QA 76.9 b.S88S28 2007 aSatzinger, John W. aSystems analysis and design : bin a changing world / cJohn W. Satzinger, Robert B. Jackson, Stephen D. Burd. a4th Edition aSingapore : bThomson Learning Asia., c2007 a672 pages : bill. ; c26 cm. aIncludes bibliographical references and index. aSystem analysis. xSystem design. c294168d294168 001040aSMCbSMCcComScd2008-01-09g798.00l0oComSc QA 76.9 .S88S28 2007pSMC03787r2016-05-17 00:00:00w2016-05-17yBK